00396cam a22001332 4500001001100000005001700011008004100028020002600069040001500095245007100110260003400181300001100215700003600226000000887020151217160118.0080612s xx 000 0 eng d a0521578736 :cKES 205 aKABUcKABU10aCrocodile's sore tooth /cwritten by Fundisile Gwazube ...[et al.] aCambridge :bC. U. P.,c1996. a16 p.1 aGwazube, Fundisile.@0000159637